| 000 | 01075nam a2200241Ia 4500 | ||
|---|---|---|---|
| 001 | 15490 | ||
| 003 | GE_BSU | ||
| 008 | 181216s||||||||xx |||||||||||||| ||und|| | ||
| 020 | _aISBN 978-9941-22-481-2 | ||
| 040 | _cGE_BSU | ||
| 080 | _a821.353.1(092)+ 821.353.1.09-1 + 821.353.1-94 | ||
| 100 | _aავტ.-შემდგ.: ირაკლი ირემაძე, ლევან ლორთქიფანიძე, ხვიჩა ყაზაიშვილი, სოფიკო შუბითიძე | ||
| 245 | _aქართული მემარცხენეობის ქრესტომათია | ||
| 245 | _bტ.1 | ||
| 245 | _cრედ. მალხაზ მაცაბერიძე | ||
| 260 | _aთბილისი | ||
| 260 | _bუნივერსალი | ||
| 260 | _c2015 | ||
| 300 | _a336გვ;20სმ. | ||
| 300 | _bბიბლიოგრ.: გვ. 334 | ||
| 653 | _a- სოციალურ-დემოკრატიული მოძრაობა საქართველოში; | ||
| 942 | _cBK | ||
| 999 |
_c48591 _d48591 |
||